00513cam a22002051 4500001001300000003000400013005001700017008004100034010001700075035002000092040001800112042001200130050002500142100006000167245001500227260001100242300002200253500001500275999001700290ne 62000128 DLC20260227111734.0881028s1946 xx 000 0 ara  ane 62000128  a(OCoLC)23485229 aDLCcMiUdDLC apremarc00aPJ7745.I17bA17 19462 aIbn Durayd, Muḥammad ibn al-Ḥasan,d837 or 838-933.10aDīwān. c[1946] a4, 143 p.c25 cm. aRomanized. c44996d44996